000 00840cab a22002055a 4500
001 L137374
008 070403e2007 xxk 000 0 eng d
035 _a(Sirsi) u137374
041 0 _aeng
100 1 _aJenkinson, Graham
245 0 0 _aStatistical definition
260 _c2007
490 0 _aPremises and Facilities Management
_vMarch 2007, 35-36(2)
520 _aDiscusses the new Standard Industrial Classification to be introduced from 2008, the data this will provide for the facilities management sector and the sources of the data. Concludes that the data will be of a higher quality but in the shorter term may be inaccurate as the data will take time to compile.
590 _aKA
650 2 4 _aSTANDARD INDUSTRIAL CLASSIFICATION
651 4 _aUnited Kingdom
_y
690 _aMANAGEMENT-FACILITIES MANAGEMENT
942 _n0
999 _c78585
_d78585